00463nam a22001217a 4500008004100000040005500041080002300096100001600119245010400135260007600239300001000315650001600325230209b |||||||| |||| 00| 0 eng d aNational Science LibrarycNational Science Library a633.74:663.914bK3 6Rohan, T A  aProcessing of raw cocoa for the market c/ Food and Agriculture Organization of the United Nations, aRome: bFood and Agriculture Organization of the United Nations, c1963 a207p. aAgriculture